000 00897nmm a2200277 a 4500
001 ocm0002146155
003 TR-IsHL
005 20201028182019.0
008 190121s2011 tu tur
007 cr cn
020 _a9786056194597
035 _a2146155
_b(N$T)
050 0 4 _aBP50.A357
_bI85 2011
090 0 4 _aBP50.A357
_bI85 2011
100 1 _aAğırakça, Ahmet
245 1 0 _aİslam tarihinde ilk siyasi hareketler
_h[electronic resource] /
_cAhmet Ağırakça
250 _a3. Baskı
260 _aİstanbul :
_bAkdem Yayınları,
_c2011
300 _a448 p.
650 4 _aFelsefe, Psikoloji ve Din
650 4 _aPhilosophy, Psychology and Religion
650 0 _aİslam
_x Tarih
650 0 _aIslam
_x History
650 7 _aHISTORY / Middle East / General
_2bisacsh
856 4 0 _uhttp://search.ebscohost.com/login.aspx?direct=true&scope=site&db=e011xww&AN=2146155
999 _c19870
_d19870